00358pab a2200133 454500008004000000100002000040245005500060260000900115300001300124362000800137650003900145650002800184773001200212180718b2014 xxu||||| |||| 00| 0 eng d aNelson, Matthew aSocial, religious and political change in Pakistan c2014 ap.20-23. aDec aPakistan - Politics and government aPolitics and government aSeminar